Catálogo
 En Linea

Curso moderno de trigonometria : (Registro nro. 36151)

Detalles MARC
000 -CABECERA
campo de control de longitud fija 00686nam a2200181 a 4500
001 - NÚMERO DE CONTROL
campo de control 000036660
005 - FECHA Y HORA DE LA ÚLTIMA TRANSACCIÓN
campo de control 20200930075846.0
008 - DATOS DE LONGITUD FIJA--INFORMACIÓN GENERAL
campo de control de longitud fija 120124s1967 mx ad 001 0 spa d
040 ## - FUENTE DE LA CATALOGACIÓN
Centro catalogador/agencia de origen DO-SdBNP
Lengua de catalogación spa
Centro/agencia transcriptor BNPHU
100 1# - ENTRADA PRINCIPAL--NOMBRE DE PERSONA
Nombre de persona Hooper, Alfred,
Fechas asociadas al nombre 1894-
9 (RLIN) 62939
240 10 - TÍTULO UNIFORME
Título uniforme A moderrn course in trigonometry
Lenguaje de la obra español
245 10 - MENCIÓN DE TÍTULO
Título Curso moderno de trigonometria :
Resto del título con tablas y una guía para el estudiante /
Mención de responsabilidad, etc. por Alfred Hooper y Alice L. Griswold ; traductor Julian Zugazagoitia Ruiz.
260 ## - PUBLICACIÓN, DISTRIBUCIÓN, ETC.
Lugar de publicación, distribución, etc. México :
Nombre del editor, distribuidor, etc. Publs. Cultural,.
300 ## - DESCRIPCIÓN FÍSICA
Extensión 101 p. :
Otras características físicas il. ;
Dimensiones 23 cm.
500 ## - NOTA GENERAL
Nota general Incluye índice
700 12 - PUNTO DE ACCESO ADICIONAL--NOMBRE DE PERSONA
Nombre de persona Griswold, Alice L.
9 (RLIN) 56240
700 12 - PUNTO DE ACCESO ADICIONAL--NOMBRE DE PERSONA
Nombre de persona Zugazagoitia Ruiz, Julian,
Término indicativo de función/relación tr.
9 (RLIN) 56241
Existencias
Estado de retiro Estado de pérdida Restricciones de uso No para préstamo Código de colección Localización permanente Ubicación/localización actual Ubicación en estantería Fecha de adquisición Número de inventario Total de préstamos Signatura topográfica completa Código de barras Fecha visto por última vez Precio válido a partir de Tipo de ítem Koha
      Excluido de préstamo Monografías: Libros y Folletos General General En catalogación 24.01.2012 LF1   36660-10 25.06.2020 25.06.2020 No se presta
        Monografías: Libros y Folletos General General Orden iniciada 24.01.2012 LF1   36661-10 25.06.2020 25.06.2020 No se presta

Con tecnología Koha